| 000 | 00000nam 2200000zi 4500 |
| 001 | 9.934302 |
| 003 | CaOODSP |
| 005 | 20251103145452 |
| 006 | m o d f |
| 007 | cr cn||||||||| |
| 008 | 240221e202402 onca o f000 0 fre d |
| 020 | |a9780660704135 |
| 040 | |aCaOODSP|bfre|erda|cCaOODSP |
| 043 | |an-cn--- |
| 086 | 1 |aD97-1/00-060-2024F-PDF |
| 245 | 00|aDéfiguration de site Web. |
| 264 | 1|a[Ottawa] : |bCentre de la sécurité des télécommunications = Communications Security Establishment, |cfévrier 2024. |
| 300 | |a1 ressource en ligne (3 pages non numérotées) : |billustrations |
| 336 | |atexte|btxt|2rdacontent/fre |
| 337 | |ainformatique|bc|2rdamedia/fre |
| 338 | |aressource en ligne|bcr|2rdacarrier/fre |
| 490 | 1 |aSérie sensibilisation ; |vITSAP.00.060 |
| 500 | |aPublié aussi en anglais sous le titre : Website defacement. |
| 500 | |a« Centre canadien pour la cybersécurité. » |
| 500 | |a« Non classifié. » |
| 650 | 6|aSites Web|xSécurité|xMesures|zCanada. |
| 650 | 6|aPiratage informatique|zCanada|xPrévention. |
| 650 | 6|aSécurité informatique|zCanada. |
| 710 | 2 |aCentre de la sécurité des télécommunications (Canada), |eorganisme de publication. |
| 710 | 2 |aCentre canadien pour la cybersécurité, |eorganisme de publication. |
| 775 | 08|tWebsite defacement.|w(CaOODSP)9.934301 |
| 795 | |tDéfiguration de site Web.|w(CaOODSP)9.889248 |
| 830 | #0|aSérie sensibilisation (Centre de la sécurité des télécommunications (Canada))|vITSAP.00.060.|w(CaOODSP)9.842817 |
| 856 | 40|qPDF|s803 Ko|uhttps://publications.gc.ca/collections/collection_2024/cstc-csec/D97-1-00-060-2024-fra.pdf |
| 856 | 4 |qHTML|sS.O.|uhttps://www.cyber.gc.ca/fr/orientation/defiguration-de-site-web-itsap00060 |